000 00981cam a2200325 4500
001 3582821
003 OSt
005 20140310184249.0
008 730102s1952 nyua j 000 1 eng
010 _a 52009760
020 _a059030271X
040 _aDLC
_cDLC
_dDLC
050 0 0 _aPZ 7
_b.W58277Ch 1952
100 1 _aWhite, E. B.
_q(Elwyn Brooks),
_d1899-1985.
_927721
245 1 0 _aCharlotte's web /
_cE.B. White
250 _a[1st ed.]
260 _aNew York,
_bScholastics
_c[1952]
300 _a184 p. :
_bill. ;
_c21 cm.
521 _aG4
526 _c680
700 1 _aWilliams, Garth.
_94186
700 1 _aRosenwald, Edith Goodkind,
_edonor.
_5DLC
_927722
710 2 _aJuvenile Collection (Library of Congress)
_5DLC
_93833
710 2 _aLessing J. Rosenwald Collection (Library of Congress)
_5DLC
_94188
906 _a7
_bcbc
_corignew
_du
_eocip
_f19
_gy-gencatlg
942 _2lcc
_cBK-SCHOLAS
999 _c33353
_d33353